Fundamentals of Financial Management.. (Record no. 1080011)

MARC details
000 -LEADER
fixed length control field 00356nam a2200133Ia 4500
008 - FIXED-LENGTH DATA ELEMENTS--GENERAL INFORMATION
fixed length control field 231228s1989 xx 000 0 und d
041 ## - LANGUAGE CODE
Language code of text/sound track or separate title eng
082 ## - DEWEY DECIMAL CLASSIFICATION NUMBER
Classification number 658 .15
Item number BRI
100 ## - MAIN ENTRY--PERSONAL NAME
Personal name BRIGHAM (Eugene E.)
245 ## - TITLE STATEMENT
Title Fundamentals of Financial Management..
250 ## - EDITION STATEMENT
Edition statement 5th
260 ## - PUBLICATION, DISTRIBUTION, ETC.
Place of publication, distribution, etc. Chicago
Name of publisher, distributor, etc. The Dryden Press Chicago Chicago
Date of publication, distribution, etc. 1989
300 ## - PHYSICAL DESCRIPTION
Extent 855

No items available.